000 01186nam a2200169Ia 4500
005 20250714155851.0
008 250714s9999 xx 000 0 und d
020 _a9780521796668
082 _a939.43
_bAKK
100 _aAkkermans, Peter M. M. G.
245 4 _aThe Archaeology of Syria
260 _bCambridge University Press
_c2003
300 _a490 pages
500 _aThis was the first book to present a comprehensive review of the archaeology of Syria from the end of the Paleolithic period to 300 BC. Syria has become a prime focus of field archaeology in the Middle East in the past thirty years, and Peter Akkermans and Glenn Schwartz discuss the results of this intensive fieldwork, integrating them with earlier research. Alongside the major material culture types of each period, they examine important contributions of Syrian archaeology to issues like the onset of agriculture, the emergence of private property and social inequality, the rise and collapse of urban life, and the archaeology of early empires. All competing interpretations are set out and considered, alongside the authors' own perspectives and conclusions.
650 _aHistory
942 _cENGLISH
999 _c575776
_d575776